Southville International School and Colleges
Your cart is empty.
  • Cart
  • Lists
    Public lists Eva Luna New books Lux_list list_1
    Your lists Log in to create your own lists
  • Log in to your account
  • Your cookies
  • Search history
Southville International School and Colleges
  • Advanced search
  • Recent comments
  • Most popular
  • Libraries

Log in to your account

Log in with GOOGLE


If you do not have an external account, but do have a local account, you can still log in:

  1. Home
  2. MARC view: Seduced by Hitler :
Normal view MARC view ISBD view

Seduced by Hitler : (Record no. 2375)

[ view plain ]
MARC details
000 -LEADER
fixed length control field 00720nam a22002177a 4500
003 - CONTROL NUMBER IDENTIFIER
control field OSt
005 - DATE AND TIME OF LATEST TRANSACTION
control field 20151015135357.0
008 - FIXED-LENGTH DATA ELEMENTS--GENERAL INFORMATION
fixed length control field 130312t xxu||||| |||| 00| 0 eng d
020 ## - INTERNATIONAL STANDARD BOOK NUMBER
International Standard Book Number 1570718458
050 ## - LIBRARY OF CONGRESS CALL NUMBER
Classification number DD 256.7
Item number .L43 2004
082 ## - DEWEY DECIMAL CLASSIFICATION NUMBER
Classification number IB 943.086
Item number L49 2004
100 ## - MAIN ENTRY--PERSONAL NAME
Personal name LeBor, Adam.
245 ## - TITLE STATEMENT
Title Seduced by Hitler :
Remainder of title the choices of a nation and the ethics of survival /
Statement of responsibility, etc Adam LeBor.
260 ## - PUBLICATION, DISTRIBUTION, ETC. (IMPRINT)
Place of publication, distribution, etc Naperville, Ill. :
Name of publisher, distributor, etc Sourcebooks,
Date of publication, distribution, etc 2004.
300 ## - PHYSICAL DESCRIPTION
Extent xi, 356 p. :
Other physical details ill. ;
Dimensions 24 cm.
650 ## - SUBJECT ADDED ENTRY--TOPICAL TERM
Topical term or geographic name as entry element Germany
General subdivision Politics and government
-- 1933-1945
650 ## - SUBJECT ADDED ENTRY--TOPICAL TERM
Topical term or geographic name as entry element National socialism
General subdivision Moral and ethical aspects
650 ## - SUBJECT ADDED ENTRY--TOPICAL TERM
Topical term or geographic name as entry element Informers
General subdivision History
-- 20th century
-- Germany
942 ## - ADDED ENTRY ELEMENTS (KOHA)
Source of classification or shelving scheme Library of Congress Classification
Koha item type Books
Holdings
Withdrawn status Lost status Source of classification or shelving scheme Damaged status Home library Current library Shelving location Date acquired Total Checkouts Total Renewals Full call number Barcode Date last seen Date checked out Copy number Price effective from Koha item type
    Library of Congress Classification   Luxembourg Library Luxembourg Library International Baccalaureate Section 03/12/2013 1 1 DD 256.7 .L43 2004 15934 02/04/2016 01/25/2016 1 10/03/2013 Books

Seduced by Hitler :

APA

LeBor A., . (2004). Seduced by Hitler. Naperville, Ill: Sourcebooks.

Chicago

LeBor Adam, . 2004. Seduced by Hitler. Naperville, Ill: Sourcebooks.

Harvard

LeBor A., . (2004). Seduced by Hitler. Naperville, Ill: Sourcebooks.

MLA

LeBor Adam, . Seduced by Hitler. Naperville, Ill: Sourcebooks. 2004.

  • Place hold
  • Print
  • Cite
  • Add to your cart (remove)
  • Save record
    BIBTEX Dublin Core MARCXML MARC (non-Unicode/MARC-8) MARC (Unicode/UTF-8) MARC (Unicode/UTF-8, Standard) MODS (XML) RIS
  • More searches
    Search for this title in:
    Other Libraries (WorldCat) Other Databases (Google Scholar) Online Stores (Bookfinder.com) Open Library (openlibrary.org)

Exporting to Dublin Core...

SOUTHVILLE LIBRARY

Southville International School and Colleges Library

1281 Tropical Ave. Cor. Luxembourg St., BF Homes International, Las Pinas City

Tel. No. 8256374 / 252358 Loc. 117/146

Powered by Koha